[Event "Mittelrhein Verbandsliga-W 18/19"]
[Site "Nordrheinwestfalen"]
[Date "2019.05.19"]
[Round "11.2"]
[White "Kolar, Dusan"]
[Black "Schreyer, Oliver"]
[Result "1-0"]
[WhiteElo "1931"]
[BlackElo "2028"]
[PlyCount "69"]
[EventDate "2018.09.02"]
[EventType "team-tourn"]
[EventRounds "11"]
[EventCountry "GER"]
[SourceTitle "EXT 2022"]
[Source "ChessBase"]
[SourceDate "2021.10.06"]
[SourceVersion "1"]
[SourceVersionDate "2021.10.06"]
[SourceQuality "1"]
[WhiteTeam "Bruehl III"]
[BlackTeam "Herzogenrath"]
[WhiteTeamCountry "GER"]
[BlackTeamCountry "GER"]

1. d4 f5 2. Nf3 Nf6 3. g3 e6 4. Bg2 d5 5. 0-0 Bd6 6. Bf4 0-0 7. Bxd6 cxd6 8. Nbd2 Bd7 9. c4 Bc6 10. b4 dxc4 11. Nxc4 Bd5 12. Ne3 Be4 13. Qb3 Qd7 14. Ng5 Bxg2 15. Kxg2 d5 16. b5 Qd6 17. f4 Nbd7 18. a4 h6 19. Nf3 Rfc8 20. a5 Ne4 21. Rfc1 Rc7 22. Rxc7 Qxc7 23. a6 Nef6 24. Ne5 Nxe5 25. fxe5 Ne4 26. Nxd5 exd5 27. Qxd5+ Kf8 28. axb7 Rb8 29. Rxa7 Qc2 30. Ra2 Qd1 31. Qc6 Qxd4 32. Qc8+ Ke7 33. Qc7+ Ke6 34. Ra6+ Kd5 35. Qc6+ 1-0

[Event "Mittelrhein Verbandsliga-W 18/19"]
[Site "Nordrheinwestfalen"]
[Date "2018.11.18"]
[Round "4.2"]
[White "Kolar, Dusan"]
[Black "Hannaske, Arno"]
[Result "1-0"]
[WhiteElo "1931"]
[BlackElo "2027"]
[PlyCount "113"]
[EventDate "2018.09.02"]
[EventType "team-tourn"]
[EventRounds "11"]
[EventCountry "GER"]
[SourceTitle "EXT 2022"]
[Source "ChessBase"]
[SourceDate "2021.10.06"]
[SourceVersion "1"]
[SourceVersionDate "2021.10.06"]
[SourceQuality "1"]
[WhiteTeam "Bruehl III"]
[BlackTeam "Horrem"]
[WhiteTeamCountry "GER"]
[BlackTeamCountry "GER"]

1. d4 d6 2. e4 Nf6 3. Nc3 Nbd7 4. Nf3 e5 5. Be2 Be7 6. 0-0 c6 7. a4 a5 8. d5 Qc7 9. Be3 0-0 10. Bc4 Nb6 11. Bb3 Bg4 12. h3 Bh5 13. g4 Bg6 14. Nd2 c5 15. f3 h5 16. Kg2 Qd8 17. Bc4 Nfd7 18. Bb5 Nf6 19. Qe2 h4 20. Nc4 Nxc4 21. Qxc4 Nd7 22. Bxd7 Qxd7 23. Qb5 Qxb5 24. Nxb5 Rfc8 25. c3 Kf8 26. Rfc1 Ke8 27. b3 Kd7 28. Na3 Ra6 29. Kf1 Bh7 30. Ke2 g5 31. Nc4 f6 32. b4 Bd8 33. bxc5 dxc5 34. Rcb1 b6 35. Kd2 Bg6 36. Kc2 Be8 37. Kb3 Rb8 38. Ka3 Bc7 39. Ra2 Bd6 40. Rab2 Kc7 41. Nd2 Bd7 42. c4 Be8 43. Nb3 Raa8 44. Bd2 Kc8 45. Nc1 Ra6 46. Nd3 Bd7 47. Be3 Be8 48. Bf2 Bd7 49. Re2 Ra7 50. f4 exf4 51. e5 fxe5 52. Nxe5 Kc7 53. Nf7 f3 54. Re3 Bf4 55. Rxf3 Bd2 56. Be3 Bxe3 57. Rxe3 1-0

[Event "Mittelrhein Verbandsliga-W 17/18"]
[Site "Nordrheinwestfalen"]
[Date "2018.02.25"]
[Round "8.3"]
[White "Kolar, Dusan"]
[Black "Horbach, Fabian"]
[Result "1-0"]
[WhiteElo "1909"]
[BlackElo "1999"]
[PlyCount "103"]
[EventDate "2017.09.10"]
[EventType "team-tourn"]
[EventRounds "11"]
[EventCountry "GER"]
[SourceTitle "EXT 2022"]
[Source "ChessBase"]
[SourceDate "2021.10.06"]
[SourceVersion "1"]
[SourceVersionDate "2021.10.06"]
[SourceQuality "1"]
[WhiteTeam "Bruehl III"]
[BlackTeam "Herzogenrath"]
[WhiteTeamCountry "GER"]
[BlackTeamCountry "GER"]

1. d4 Nf6 2. Nf3 e6 3. g3 b6 4. Bg2 Bb7 5. 0-0 c5 6. c4 Be7 7. Nc3 cxd4 8. Nxd4 Bxg2 9. Kxg2 a6 10. e4 d6 11. Be3 0-0 12. Qe2 Qc7 13. Rac1 Nbd7 14. f3 Qb7 15. g4 Ne5 16. g5 Nfd7 17. f4 Nc6 18. Nf3 Rab8 19. a4 Nb4 20. Kh3 Nc5 21. Bxc5 dxc5 22. e5 Rbd8 23. Rcd1 Qc7 24. Qe4 Rxd1 25. Rxd1 Rd8 26. Kg3 Rxd1 27. Nxd1 Qd7 28. Nc3 Bf8 29. b3 Be7 30. h4 Nc6 31. h5 Bf8 32. Kf2 Na5 33. Qc2 Be7 34. Ne4 Nc6 35. Qd2 Qxd2+ 36. Nexd2 Kf8 37. Ke3 Ke8 38. Ke4 g6 39. h6 Nb4 40. Ke3 Nc2+ 41. Kd3 Nb4+ 42. Ke2 Nc6 43. Ne4 Kf8 44. Kd3 Bd8 45. Nh2 Nd4 46. b4 Be7 47. Ng4 Kg8 48. Ngf6+ Kh8 49. Nd7 Nb3 50. b5 axb5 51. axb5 Bd8 52. Nd6 1-0

[Event "Mittelrhein Verbandsliga-O 15/16"]
[Site "Nordrheinwestfalen"]
[Date "2016.04.10"]
[Round "10"]
[White "Wagner, Rainer"]
[Black "Kolar, Dusan"]
[Result "1/2-1/2"]
[WhiteElo "2007"]
[BlackElo "1891"]
[PlyCount "105"]
[EventDate "2015.09.06"]
[EventType "team-tourn"]
[EventRounds "11"]
[EventCountry "GER"]
[SourceTitle "EXT 2022"]
[Source "ChessBase"]
[SourceDate "2021.10.06"]
[SourceVersion "1"]
[SourceVersionDate "2021.10.06"]
[SourceQuality "1"]
[WhiteTeam "Bonn Stadtverwaltung"]
[BlackTeam "Bruehl III"]
[WhiteTeamCountry "GER"]
[BlackTeamCountry "GER"]

1. Nf3 d5 2. e3 Nf6 3. c4 c6 4. b3 Bg4 5. Bb2 Nbd7 6. Be2 e6 7. 0-0 Bd6 8. d3 Qc7 9. Nbd2 0-0 10. h3 Bh5 11. d4 Rfe8 12. Rc1 Rad8 13. a3 a5 14. c5 Bf8 15. b4 axb4 16. axb4 Ra8 17. Qb3 Ne4 18. Bd3 Nxd2 19. Nxd2 e5 20. Ra1 e4 21. Rxa8 Rxa8 22. Bc2 Be2 23. Ra1 Re8 24. Re1 Bb5 25. Bd1 f5 26. Nb1 f4 27. exf4 Qxf4 28. Qe3 Qxe3 29. fxe3 Ra8 30. Nc3 Bc4 31. Bc2 b5 32. Ra1 Rxa1+ 33. Bxa1 Nb8 34. Bb2 Na6 35. Ba3 g6 36. Kf2 Kf7 37. Nb1 Nc7 38. Bc1 Bg7 39. Bd2 Ke7 40. Nc3 h5 41. Bd1 Na6 42. Ne2 Bxe2 43. Bxe2 Bf6 44. Kg3 Ke6 45. h4 Nc7 46. Kh3 Ke7 47. g4 hxg4+ 48. Bxg4 Ne6 49. Be1 Ng7 50. Bf2 Nh5 51. Kg2 Ke8 52. Kf1 Ke7 53. Be2 1/2-1/2

[Event "Mittelrhein Verbandsliga-O 15/16"]
[Site "Nordrheinwestfalen"]
[Date "2016.01.31"]
[Round "7"]
[White "Kolar, Dusan"]
[Black "Schwartz, Dirk"]
[Result "0-1"]
[WhiteElo "1910"]
[BlackElo "1893"]
[PlyCount "76"]
[EventDate "2015.09.06"]
[EventType "team-tourn"]
[EventRounds "11"]
[EventCountry "GER"]
[SourceTitle "EXT 2022"]
[Source "ChessBase"]
[SourceDate "2021.10.06"]
[SourceVersion "1"]
[SourceVersionDate "2021.10.06"]
[SourceQuality "1"]
[WhiteTeam "Bruehl III"]
[BlackTeam "Rheinbacher SF"]
[WhiteTeamCountry "GER"]
[BlackTeamCountry "GER"]

1. d4 d6 2. e4 Nf6 3. Nc3 e5 4. Nf3 exd4 5. Nxd4 Be7 6. Be2 0-0 7. 0-0 c6 8. a4 a5 9. Be3 Na6 10. f3 Re8 11. Qd2 Bf8 12. Rfd1 Nc5 13. Nb3 Nxb3 14. cxb3 Be6 15. Bc4 Qc7 16. Qf2 Nd7 17. Rd2 Ne5 18. Bxe6 Rxe6 19. Rad1 Nd7 20. Ne2 Ree8 21. Qg3 Rac8 22. Qf2 Nc5 23. Bxc5 dxc5 24. Kh1 Rcd8 25. Nc1 Be7 26. g3 Qe5 27. Nd3 Qd4 28. Qe2 Bg5 29. Nf4 Qb4 30. Rxd8 Rxd8 31. Rxd8+ Bxd8 32. Qc2 g6 33. Nd3 Qd4 34. Nxc5 Bb6 35. Kg2 Bxc5 36. h4 h5 37. f4 Qg1+ 38. Kf3 Qf1+ 0-1

[Event "Mittelrhein Verbandsliga-O 15/16"]
[Site "Nordrheinwestfalen"]
[Date "2015.10.18"]
[Round "3"]
[White "Behl, Torsten"]
[Black "Kolar, Dusan"]
[Result "1-0"]
[WhiteElo "2022"]
[BlackElo "1910"]
[PlyCount "49"]
[EventDate "2015.09.06"]
[EventType "team-tourn"]
[EventRounds "11"]
[EventCountry "GER"]
[SourceTitle "EXT 2022"]
[Source "ChessBase"]
[SourceDate "2021.10.06"]
[SourceVersion "1"]
[SourceVersionDate "2021.10.06"]
[SourceQuality "1"]
[WhiteTeam "Niederkassel II"]
[BlackTeam "Bruehl III"]
[WhiteTeamCountry "GER"]
[BlackTeamCountry "GER"]

1. e4 e6 2. d4 d5 3. Nc3 dxe4 4. Nxe4 Nf6 5. Bd3 Nxe4 6. Bxe4 Be7 7. Nf3 Nd7 8. 0-0 Nf6 9. Bd3 0-0 10. Ne5 c5 11. dxc5 Qc7 12. Bf4 Qxc5 13. Qf3 a5 14. Rfe1 a4 15. Qh3 Rd8 16. Ng4 g6 17. Nh6+ Kf8 18. Re5 Rd5 19. Rae1 Bd6 20. Rxd5 exd5 21. Qh4 Kg7 22. Bg5 Be7 23. Nxf7 Qb4 24. Bxf6+ Kxf7 25. Rxe7+ 1-0

[Event "Mittelrhein Verbandsliga Ost 1314"]
[Site "Mittelrhein"]
[Date "2014.01.19"]
[Round "6.2"]
[White "Wahl, Felix"]
[Black "Kolar, Dusan"]
[Result "1-0"]
[WhiteElo "2107"]
[BlackElo "1934"]
[PlyCount "45"]
[EventDate "2013.09.15"]
[EventType "team-tourn"]
[EventRounds "11"]
[EventCountry "GER"]
[SourceTitle "EXT 2023"]
[Source "ChessBase"]
[SourceDate "2022.10.05"]
[SourceVersion "1"]
[SourceVersionDate "2022.10.05"]
[SourceQuality "1"]
[WhiteTeam "Bonn Stadtverwaltung"]
[BlackTeam "Bruehl II"]
[WhiteTeamCountry "GER"]
[BlackTeamCountry "GER"]

1. e4 e6 2. d4 d5 3. Nd2 dxe4 4. Nxe4 Nd7 5. Nf3 Ngf6 6. Nxf6+ Nxf6 7. Bg5 Be7 8. Bd3 0-0 9. Qe2 c5 10. dxc5 Qa5+ 11. c3 Qxc5 12. 0-0-0 a5 13. Ne5 a4 14. a3 Ra5 15. f4 Qc7 16. Kb1 b6 17. Bc2 Ba6 18. Qe1 h6 19. Bxf6 Bxf6 20. Qe4 Rd8 21. Qh7+ Kf8 22. Qh8+ Ke7 23. Rxd8 1-0

[Event "Mittelrhein Verbandsliga Ost 1314"]
[Site "Mittelrhein"]
[Date "2013.09.15"]
[Round "1.2"]
[White "Luett, Michael"]
[Black "Kolar, Dusan"]
[Result "1-0"]
[WhiteElo "2022"]
[BlackElo "1934"]
[PlyCount "75"]
[EventDate "2013.09.15"]
[EventType "team-tourn"]
[EventRounds "11"]
[EventCountry "GER"]
[SourceTitle "EXT 2023"]
[Source "ChessBase"]
[SourceDate "2022.10.05"]
[SourceVersion "1"]
[SourceVersionDate "2022.10.05"]
[SourceQuality "1"]
[WhiteTeam "Troisdorf"]
[BlackTeam "Bruehl II"]
[WhiteTeamCountry "GER"]
[BlackTeamCountry "GER"]

1. c4 g6 2. Nc3 Bg7 3. d4 Nf6 4. Bf4 0-0 5. Nf3 d6 6. e3 Nh5 7. Bg5 h6 8. Bh4 Nf6 9. h3 c6 10. Be2 Nbd7 11. Bg3 a6 12. b4 b5 13. c5 d5 14. a4 Bb7 15. Qb1 Nh5 16. Bh2 Re8 17. g4 Nhf6 18. 0-0 Nh7 19. e4 e6 20. Qd3 Ng5 21. Nxg5 hxg5 22. e5 Bf8 23. f4 gxf4 24. Bxf4 Qh4 25. Qf3 Qh7 26. Bg5 Be7 27. h4 Bxg5 28. hxg5 Kf8 29. Kg2 Ke7 30. Rh1 Qg7 31. Rh6 Rh8 32. Rah1 Rxh6 33. gxh6 Qh8 34. Qf4 bxa4 35. Nxa4 a5 36. b5 f6 37. exf6+ Qxf6 38. Qd6+ 1-0

[Event "Mittelrhein Verbandsliga-O 1112"]
[Site "Germany"]
[Date "2012.05.20"]
[Round "11"]
[White "Hemmann, Arnold"]
[Black "Kolar, Dusan"]
[Result "1/2-1/2"]
[WhiteElo "2063"]
[BlackElo "1926"]
[PlyCount "37"]
[EventDate "2011.09.18"]
[EventType "team-tourn"]
[EventRounds "11"]
[EventCountry "GER"]
[SourceTitle "EXT 2013"]
[Source "ChessBase"]
[SourceDate "2012.11.22"]
[SourceVersion "1"]
[SourceVersionDate "2012.11.22"]
[SourceQuality "1"]
[WhiteTeam "Rheinbacher SF"]
[BlackTeam "Bruehl III"]
[WhiteTeamCountry "GER"]
[BlackTeamCountry "GER"]

1. e4 e6 2. b3 d5 3. Bb2 c5 4. exd5 exd5 5. Nf3 Nf6 6. Bb5+ Bd7 7. Bxd7+ Nbxd7 8. 0-0 Be7 9. d4 0-0 10. Nbd2 Re8 11. c4 Rc8 12. Re1 Bf8 13. Rxe8 Qxe8 14. cxd5 Nxd5 15. Nc4 N7f6 16. Qd3 Qe4 17. Qxe4 Nxe4 18. Re1 Ndf6 19. dxc5 1/2-1/2

[Event "Mittelrhein Verbandsliga-O 1112"]
[Site "Germany"]
[Date "2012.04.15"]
[Round "9"]
[White "Kolar, Dusan"]
[Black "Vossen, Klaus"]
[Result "1/2-1/2"]
[WhiteElo "1926"]
[BlackElo "1975"]
[PlyCount "95"]
[EventDate "2011.09.18"]
[EventType "team-tourn"]
[EventRounds "11"]
[EventCountry "GER"]
[SourceTitle "EXT 2013"]
[Source "ChessBase"]
[SourceDate "2012.11.22"]
[SourceVersion "1"]
[SourceVersionDate "2012.11.22"]
[SourceQuality "1"]
[WhiteTeam "Bruehl III"]
[BlackTeam "Hennef"]
[WhiteTeamCountry "GER"]
[BlackTeamCountry "GER"]

1. d4 Nf6 2. Nf3 e6 3. c4 b6 4. g3 Bb4+ 5. Bd2 a5 6. Bg2 Ba6 7. Ne5 Bxd2+ 8. Nxd2 c6 9. 0-0 0-0 10. Qa4 b5 11. Qc2 Ra7 12. c5 Qc7 13. Ne4 Ne8 14. f4 f6 15. Nd3 b4 16. a3 Bxd3 17. Qxd3 Na6 18. Qc4 f5 19. Nf2 Nf6 20. e4 fxe4 21. Nxe4 Nd5 22. Rae1 Qd8 23. Nd6 Nac7 24. f5 exf5 25. Rxf5 Rxf5 26. Nxf5 Kh8 27. Nd6 Qg8 28. Rf1 g6 29. Nf7+ Kg7 30. Qc1 Nf6 31. Ne5 Qe6 32. Re1 Qf5 33. Bxc6 dxc6 34. Nxc6 Ncd5 35. Nxa7 Qd7 36. axb4 Nxb4 37. Qc4 Qxa7 38. Qe6 Nbd5 39. g4 h6 40. h4 Qb8 41. Qe5 Qc8 42. Qe6 Qh8 43. Qd6 Qc8 44. Re7+ Kh8 45. Re6 Nf4 46. Rxf6 Qxg4+ 47. Kf2 Qe2+ 48. Kg3 1/2-1/2

[Event "Mittelrhein Verbandsliga-O 1112"]
[Site "Germany"]
[Date "2012.03.18"]
[Round "8"]
[White "Nerstheimer, Rolf"]
[Black "Kolar, Dusan"]
[Result "1-0"]
[WhiteElo "1986"]
[BlackElo "1926"]
[PlyCount "101"]
[EventDate "2011.09.18"]
[EventType "team-tourn"]
[EventRounds "11"]
[EventCountry "GER"]
[SourceTitle "EXT 2013"]
[Source "ChessBase"]
[SourceDate "2012.11.22"]
[SourceVersion "1"]
[SourceVersionDate "2012.11.22"]
[SourceQuality "1"]
[WhiteTeam "Erftstadt SV"]
[BlackTeam "Bruehl III"]
[WhiteTeamCountry "GER"]
[BlackTeamCountry "GER"]

1. e4 e6 2. Nc3 d5 3. a3 dxe4 4. Nxe4 Nf6 5. Ng3 Bd6 6. d4 0-0 7. Nf3 b6 8. Bd3 Bb7 9. c3 Nbd7 10. Qc2 c5 11. Be3 cxd4 12. Nxd4 Qe7 13. 0-0 Ne5 14. Be2 Rfd8 15. Rfe1 Rac8 16. Qa4 Bb8 17. Bf4 Nd5 18. Bxe5 Bxe5 19. Nf3 Bb8 20. Qg4 Nf6 21. Qh4 Qc7 22. Bd1 Qf4 23. Qxf4 Bxf4 24. Bb3 Bxf3 25. gxf3 Rd2 26. Rab1 Rcd8 27. Ne2 Nh5 28. Nd4 Bd6 29. Nc6 Rc8 30. Nxa7 Rc5 31. Red1 Rg5+ 32. Kf1 Rxd1+ 33. Rxd1 Be7 34. Rd7 Bf6 35. Rb7 g6 36. Rxb6 Nf4 37. Rb5 Nd3 38. Rxg5 Bxg5 39. Ke2 Nxb2 40. a4 Nxa4 41. Bxa4 Kf8 42. Nc6 h5 43. Kd3 h4 44. h3 Bf4 45. c4 g5 46. c5 f5 47. Nd4 Ke7 48. Bb3 g4 49. fxg4 fxg4 50. Bxe6 gxh3 51. Bxh3 1-0

[Event "Mittelrhein Verbandsliga-O 1112"]
[Site "Germany"]
[Date "2011.12.11"]
[Round "4"]
[White "Kolar, Dusan"]
[Black "Eising, Johannes"]
[Result "1/2-1/2"]
[WhiteElo "1926"]
[BlackElo "2115"]
[PlyCount "64"]
[EventDate "2011.09.18"]
[EventType "team-tourn"]
[EventRounds "11"]
[EventCountry "GER"]
[SourceTitle "EXT 2013"]
[Source "ChessBase"]
[SourceDate "2012.11.22"]
[SourceVersion "1"]
[SourceVersionDate "2012.11.22"]
[SourceQuality "1"]
[WhiteTeam "Bruehl III"]
[BlackTeam "Koeln Porz III"]
[WhiteTeamCountry "GER"]
[BlackTeamCountry "GER"]

1. d4 g6 2. e4 Bg7 3. Nf3 d6 4. Be2 Nf6 5. Nc3 c6 6. 0-0 Qc7 7. Be3 Nbd7 8. Qd2 Ng4 9. Bf4 e5 10. Bg3 Ngf6 11. Rad1 Nh5 12. dxe5 dxe5 13. Qd6 Qxd6 14. Rxd6 Ke7 15. Rfd1 Nxg3 16. hxg3 Nb6 17. a4 a5 18. b3 f6 19. Nb5 Bg4 20. Na3 Nd5 21. Nb5 Nb6 22. Nc3 Rhd8 23. Rxd8 Rxd8 24. Rxd8 Kxd8 25. Nd1 Bh6 26. Kf1 Ke7 27. Ne1 Be6 28. Nd3 Kd6 29. f4 Nd7 30. Kf2 b5 31. Nc3 b4 32. Nd1 f5 1/2-1/2

[Event "Mittelrhein Verbandsliga-O 1112"]
[Site "Germany"]
[Date "2011.11.13"]
[Round "3"]
[White "Lamprecht, Mark"]
[Black "Kolar, Dusan"]
[Result "0-1"]
[WhiteElo "2074"]
[BlackElo "1926"]
[PlyCount "86"]
[EventDate "2011.09.18"]
[EventType "team-tourn"]
[EventRounds "11"]
[EventCountry "GER"]
[SourceTitle "EXT 2013"]
[Source "ChessBase"]
[SourceDate "2012.11.22"]
[SourceVersion "1"]
[SourceVersionDate "2012.11.22"]
[SourceQuality "1"]
[WhiteTeam "Lohmar"]
[BlackTeam "Bruehl III"]
[WhiteTeamCountry "GER"]
[BlackTeamCountry "GER"]

1. c4 Nf6 2. g3 c6 3. Nf3 d5 4. Bg2 e6 5. b3 Nbd7 6. Bb2 Bd6 7. d4 0-0 8. 0-0 Qe7 9. Nbd2 b6 10. Re1 Ne4 11. Nxe4 dxe4 12. Ne5 Bxe5 13. dxe5 f5 14. exf6 Nxf6 15. e3 e5 16. h3 Bf5 17. Qc2 Rad8 18. Qc3 Rfe8 19. Rad1 h5 20. Rxd8 Qxd8 21. Qc1 c5 22. Rd1 Qe7 23. Qd2 Kf7 24. Kh2 Qe6 25. a4 Re7 26. Qe2 g6 27. Qc2 Qc6 28. Rd2 Ke6 29. Qc3 Kf7 30. Rd8 Nd7 31. Qd2 Re8 32. Rxe8 Kxe8 33. Qc2 Ke7 34. Bc3 Qf6 35. Kg1 g5 36. Qd1 g4 37. hxg4 Bxg4 38. Qd5 Bf3 39. Bxf3 exf3 40. Qe4 a6 41. Qh7+ Qf7 42. Qh6 Qf5 43. e4 Qh3 0-1

[Event "Mittelrhein Verbandsliga-O 1112"]
[Site "Germany"]
[Date "2011.10.09"]
[Round "2"]
[White "Kolar, Dusan"]
[Black "Steffens, Klaus"]
[Result "1/2-1/2"]
[WhiteElo "1926"]
[BlackElo "1929"]
[PlyCount "50"]
[EventDate "2011.09.18"]
[EventType "team-tourn"]
[EventRounds "11"]
[EventCountry "GER"]
[SourceTitle "EXT 2013"]
[Source "ChessBase"]
[SourceDate "2012.11.22"]
[SourceVersion "1"]
[SourceVersionDate "2012.11.22"]
[SourceQuality "1"]
[WhiteTeam "Bruehl III"]
[BlackTeam "Siegburg"]
[WhiteTeamCountry "GER"]
[BlackTeamCountry "GER"]

1. d4 Nf6 2. Nf3 e6 3. Bg5 Be7 4. e3 0-0 5. Bd3 b6 6. Nbd2 Bb7 7. e4 d5 8. e5 Ne4 9. Bxe7 Qxe7 10. c3 f5 11. exf6 gxf6 12. Qc2 Nxd2 13. Kxd2 Nd7 14. Rae1 Qf7 15. Kc1 c5 16. Re3 c4 17. Be2 Rae8 18. Nh4 Kh8 19. f4 Rg8 20. Rf1 f5 21. g3 Nf6 22. Nf3 Ng4 23. Ne5 Nxe5 24. fxe5 Qg7 25. Ref3 Qh6+ 1/2-1/2

[Event "Godesburg op 3rd"]
[Site "Bonn"]
[Date "1999.06.22"]
[Round "4"]
[White "Mueller Using, Detlev"]
[Black "Kolar, Dusan"]
[Result "1-0"]
[WhiteElo "2019"]
[BlackElo "1763"]
[PlyCount "59"]
[EventDate "1999.06.18"]
[EventType "swiss"]
[EventRounds "9"]
[EventCountry "GER"]
[SourceTitle "EXT 2008"]
[Source "ChessBase"]
[SourceDate "2007.11.25"]
[SourceVersion "1"]
[SourceVersionDate "2007.11.25"]
[SourceQuality "1"]

1. e4 c5 2. Nf3 Nc6 3. Bb5 a6 4. Bxc6 bxc6 5. d3 g6 6. 0-0 Bg7 7. Nbd2 Nf6 8. Re1 0-0 9. Nf1 d6 10. Bg5 h6 11. Bd2 Be6 12. Qc1 Kh7 13. Bc3 a5 14. a4 c4 15. d4 d5 16. Ng3 Qc7 17. e5 Nd7 18. h3 c5 19. Qe3 cxd4 20. Bxd4 Rac8 21. Nh4 Qc6 22. f4 Nc5 23. f5 Bd7 24. e6 Be8 25. Bxg7 Kxg7 26. f6+ Kh7 27. Nhf5 g5 28. Nxe7 Qb7 29. Nxc8 fxe6 30. Qxc5 1-0